Random Stranger Things Quotes - Statistics

General Stats
  • This quiz has been taken 193 times
  • The average score is 10 of 15
Answer Stats
Quote Character % Correct
She’s our friend and she’s crazy. Dustin Henderson
97%
Maybe I’ll just kill Mike. I’m the chief of police, I could cover it up.” Jim Hopper
95%
Keep on growing up, kid. Don't let me stop you. Make mistakes, learn from them and when life hurts you—because it will—remember the hurt. The hurt is good. It means you're out of that cave. But please, if you don't mind, for the sake of your old dad, keep the door open three inches. Jim Hopper
92%
How many children are you friends with? Robin Buckley
92%
Ahoy, ladies. Didn't see you there. Would you like to set sail on this ocean of flavour with me? Steve Harrington
91%
If anyone asks where I am, I’ve left the country. Mike Wheeler
89%
I didn’t run away this time, right? Eddie Munson
87%
It’s called code shut-your-mouth. Erica Sinclair
85%
I'm not gonna hurt him. I'm just giving him the opportunity to get his own damn cherry Slurpee. Jim Hopper
85%
Maybe I am a mess, maybe I’m crazy, maybe I’m out of my mind! But God help me, I will keep these lights up until the day I die, if I think there’s a chance that Will’s still out there! Joyce Byers
84%
You know, out of all of my brother’s friends, you’re my favorite. You’ve always been my favourite. Nancy Wheeler
84%
Mornings are for coffee and contemplation. Jim Hopper
83%
I kept it open. I kept the door open three inches. I never stopped believing. Eleven
82%
I didn’t realise it was such an honour to go trick-or-treating with you. Max Mayfield
82%
You’re just jealous because I have another older male friend. Dustin Henderson
80%
I love you on your good days, on your bad days. I love you with your powers, without your powers. I love you for exactly who you are. You’re my superhero. Mike Wheeler
80%
Has it ever occurred to you that we don't want to be popular? Mike Wheeler
79%
There's more to life than stupid boys, you know. Max Mayfield
78%
I am on a curiosity voyage, and I need my paddles to travel. These books…these books are my paddles. Dustin Henderson
76%
Dude – you did it! you won a fight! Dustin Henderson
74%
Science is neat, but I’m afraid it’s not very forgiving. Scott Clarke
74%
Okay, I'm warning you right now, I have terrible coordination. It took me six months longer to walk than all the other babies. Robin Buckley
73%
Mike, don’t stop, okay? You’re the heart. Okay? Remember that. You’re the heart. Will Byers
73%
You're all so nerdy, it makes me physically ill. Erica Sinclair
72%
Do you wanna be normal? Do you wanna be just like everyone else? Being a freak is the best. I'm a freak. Jonathan Byers
72%
We’re not even in the game; we’re on the bench. Mike Wheeler
70%
I still highly recommend slapping some juicy pineapple on your pie. Oh, fruit on your pizza is gnarly, you say? Well, I say try before you deny. ...Hello? Argyle
69%
You shouldn’t like things because people tell you you’re supposed to. Jonathan Byers
69%
Why are you keeping this curiosity door locked? Dustin Henderson
68%
You know what this half-baked plan of yours sounds like to me? Child endangerment. Erica Sinclair
67%
This is not yours to fix alone. You act like you’re all alone out there in the world, but you’re not. You’re not alone. Joyce Byers
67%
My fingers are like arrows! My arms, like iron! My feet, like spears! Resist, and I will end you! Murray Bauman
65%
When you’re different, sometimes you feel like a mistake. But you make her feel like she’s not a mistake at all. Like she’s better for being different. Will Byers
65%
Okay, it's official, I'm never having kids. Dustin Henderson
62%
If we are both going crazy, then we will go crazy together. Mike Wheeler
61%
Yeah, the real world sucks, deal with it like the rest of us. Jonathan Byers
57%
Nobody normal ever accomplished anything meaningful in this world. Jonathan Byers
56%
Yeah, well, I actually kinda thought you’d be kinda mean and scary too. In other news, flattery works with me. Eddie Munson
54%
Sometimes, your total obliviousness just blows my mind. Dustin Henderson
51%
Remind me, when do they become reasonable human beings again? Ted Wheeler
48%
I’m fine, OK? I mean, as fine as someone who’s hurtling toward a gruesome death can be. Max Mayfield
45%
What’s at the X? Pirate treasure? Bob Newby
41%
Ask forgiveness, not permission. Nancy Wheeler
38%
If you believe in this story… Finish it. Karen Wheeler
34%
It’s forced conforming. That’s what’s killing the kids. That’s the real monster. Eddie Munson
30%
People don’t spend their lives trying to look at what’s behind the curtain. They like the curtain. It provides them stability, comfort, and definition. Murray Bauman
25%
All living organisms develop defense mechanisms against attack. They adapt. They find some way to survive. Sam Owens
16%
No matching quizzes found
Score Distribution
Percent of People with Each Score
Percentile by Number Answered
Your Score History
You have not taken this quiz